|
|
|
|
| LEADER |
00000nam0a2200000 4500 |
| 001 |
9121 |
| 005 |
20231030182248.0 |
| 010 |
|
|
|a 5776803233
|
| 035 |
|
|
|a (RuTPU)RU\TPU\book\9173
|
| 035 |
|
|
|a BOOK00009233
|
| 090 |
|
|
|a 9121
|
| 100 |
|
|
|a 20011209d1996 k y0rusy50 ca
|
| 101 |
0 |
|
|a rus
|
| 102 |
|
|
|a UA
|
| 105 |
|
|
|a y z 000zy
|
| 200 |
1 |
|
|a Методы проектирования систем управления
|f В. Г. Воронов, В. Н. Гриценко, В. А. Клочко и др.
|
| 210 |
|
|
|a Харьков
|c Основа
|d 1996
|
| 215 |
|
|
|a 253 с.
|
| 225 |
1 |
|
|a Современные методы теории управления
|
| 610 |
1 |
|
|a системы автоматического управления
|
| 610 |
1 |
|
|a управление
|
| 610 |
1 |
|
|a проектирование
|
| 610 |
1 |
|
|a методы
|
| 675 |
|
|
|a 681.51.001.6
|v 3
|
| 701 |
|
1 |
|a Воронов
|b В. Г.
|
| 701 |
|
1 |
|a Гриценко
|b В. Н.
|
| 701 |
|
1 |
|a Клочко
|b В. А.
|
| 701 |
|
1 |
|a Костенко
|b Ю. Т.
|
| 701 |
|
1 |
|a Мирный
|b В. А.
|
| 701 |
|
1 |
|a Нестеров
|b Л. В.
|
| 801 |
|
0 |
|a RU
|b 63413507
|c 20011209
|g PSBO
|
| 801 |
|
2 |
|a RU
|b 63413507
|c 20140410
|g PSBO
|
| 942 |
|
|
|c BK
|